| 000 | 00970nam a22002057a 4500 | ||
|---|---|---|---|
| 999 |
_c11235 _d11235 |
||
| 003 | AR-CdUCM | ||
| 008 | 190403b ||||| |||| 00| 0 spa d | ||
| 040 |
_aMUNICIPALIDAD PROVINCIAL DEL CUSCO _cBIBLIOTECA MUNICIPAL DEL CUSCO |
||
| 082 |
_a614.1 / _bD92 / 1905 |
||
| 100 |
_aDorado, P. _928496 |
||
| 245 | _aLos Peritos médicos y la justicia criminal / | ||
| 260 |
_aMadrid : _bHijos de Reus, _c1905. |
||
| 300 |
_a291 páginas ; _c22 cm. |
||
| 500 | _aDedicatoria | ||
| 505 | _aContenido: Cuestiones preliminares -- La incompetencia parcial y modos de remediar -- Otros defectos del actual peritaje medico -- Errores judiciales, locos condenados por los tribunales -- Consecuencias del criterio penal dominante -- Las Raíces del problema -- Alarmas apuros y dificultades -- Cambio de orientación -- La intervención médica en el nuevo sistema ... | ||
| 650 |
_aMedicina legal _911041 |
||
| 650 |
_aCriminología _97441 |
||
| 942 |
_2ddc _cLIBROS |
||
| 945 | _aacv | ||